00755 2200241 4500001002100000005001700021008004100038020002200079035002500101040001200126082001800138084002000156100002000176245013800196250001000334260003900344300002600383504003000409650002600439850001200465990001800477990001800495INLIS00000000000751220150811080047.0  a978-979-007-366-1 a0010-071500000000195 aYOPDYOG 223a345.02323 a345.02323 Erm M aERMANSJAH Djaja aMeredesain pengadilan tindak pidana korupsib: Implikasi putusan Mahkamah Konstitusi Nomor 012-016-019/PPU-IV/2006c/ Ermansjah Djaja aCet.1 aJakarta TimurbSinar Grafikac2010 ax, 510 hlm.c; 23 cm. aBibliografi: hlm. 495-505 aTindak pidana korupsi aYOPDYOG a18845-PD/B.15 a18846-PD/B.15